The Official Cambridge Guide to IELTS for academic and general training (Record no. 590603)

000 -LEADER
fixed length control field 00499nam a22001817a 4500
003 - CONTROL NUMBER IDENTIFIER
control field NUST
005 - DATE AND TIME OF LATEST TRANSACTION
control field 20220725174944.0
008 - FIXED-LENGTH DATA ELEMENTS--GENERAL INFORMATION
fixed length control field 220725b ||||| |||| 00| 0 eng d
020 ## - INTERNATIONAL STANDARD BOOK NUMBER
International Standard Book Number 9781107620698
038 ## - RECORD CONTENT LICENSOR
Staff Name Azhar
082 ## - DEWEY DECIMAL CLASSIFICATION NUMBER
Classification number 428.24076
Author Mark CUL
100 ## - MAIN ENTRY--PERSONAL NAME
Personal name Pauline Cullen
9 (RLIN) 95039
245 ## - TITLE STATEMENT
Title The Official Cambridge Guide to IELTS for academic and general training
Statement of responsibility, etc. Pauline Cullen
260 ## - PUBLICATION, DISTRIBUTION, ETC.
Place of publication, distribution, etc. USA
Name of publisher, distributor, etc. Cambridge University Press
Date of publication, distribution, etc. 2014
300 ## - PHYSICAL DESCRIPTION
Extent 402p
563 ## - BINDING INFORMATION
Binding note PB
942 ## - ADDED ENTRY ELEMENTS (KOHA)
Source of classification or shelving scheme
Koha item type Lincoln Corner
Holdings
Withdrawn status Lost status Source of classification or shelving scheme Damaged status Not for loan Permanent Location Current Location Shelving location Date acquired Full call number Barcode Date last seen Price effective from Koha item type
          Central Library (CL) Central Library (CL) Lincoln Corner 07/25/2022 428.24076 CUL LC-233 07/25/2022 07/25/2022 Reference
© 2023 Central Library, National University of Sciences and Technology. All Rights Reserved.